<?xml version="1.0" encoding="UTF-8"?>
<record
    xmlns:xsi="http://www.w3.org/2001/XMLSchema-instance"
    xsi:schemaLocation="http://www.loc.gov/MARC21/slim http://www.loc.gov/standards/marcxml/schema/MARC21slim.xsd"
    xmlns="http://www.loc.gov/MARC21/slim">

  <leader>01131nam a22001937a 4500</leader>
  <controlfield tag="003">OSt</controlfield>
  <controlfield tag="005">20251215153427.0</controlfield>
  <controlfield tag="008">251215b        |||||||| |||| 00| 0 eng d</controlfield>
  <datafield tag="040" ind1=" " ind2=" ">
    <subfield code="c">DCL</subfield>
  </datafield>
  <datafield tag="082" ind1=" " ind2=" ">
    <subfield code="a">&#x1042;&#x1049;&#x1044;.&#x1043;&#x1048;&#x1042;&#x1044;</subfield>
  </datafield>
  <datafield tag="100" ind1="0" ind2=" ">
    <subfield code="a">&#x1015;&#x100A;&#x102C;&#x1014;&#x1014;&#x1039;&#x1012;&#x104A;</subfield>
    <subfield code="c">&#x1021;&#x101B;&#x103E;&#x1004;&#x103A;&#x104B;</subfield>
  </datafield>
  <datafield tag="245" ind1="1" ind2="0">
    <subfield code="a">&#x101E;&#x1004;&#x103A;&#x1014;&#x100A;&#x103A;&#x1038;&#x101E;&#x1005;&#x103A;&#x1021;&#x1018;&#x102D;&#x1013;&#x1019;&#x1039;&#x1019;&#x102C;&#x104A; </subfield>
    <subfield code="n">&#x101D;&#x102E;&#x1011;&#x102D;-&#x101D;&#x102E;&#x1011;&#x102D;&#x1019;&#x102F;&#x1010;&#x103A;-&#x101B;&#x102F;&#x1015;&#x103A; (&#x1012;&#x102F;&#x1010;&#x102D;&#x101A;&#x1006;&#x1004;&#x1037;&#x103A;) /</subfield>
    <subfield code="c">&#x1005;&#x102F;&#x1005;&#x100A;&#x103A;&#x1038;&#x1005;&#x102E;&#x1005;&#x1009;&#x103A;&#x1015;&#x1030;&#x1007;&#x1031;&#x102C;&#x103A;&#x101E;&#x1030; &#x1021;&#x101B;&#x103E;&#x1004;&#x103A;&#x1015;&#x100A;&#x102C;&#x1014;&#x1014;&#x1039;&#x1012;&#x104B;</subfield>
  </datafield>
  <datafield tag="264" ind1=" " ind2=" ">
    <subfield code="a">[&#x1014;&#x1031;&#x101B;&#x102C;&#x1019;&#x1015;&#x102B;] &#x104A;</subfield>
    <subfield code="b">[&#x1011;&#x102F;&#x1010;&#x103A;&#x101D;&#x1031;&#x101E;&#x1030;&#x1019;&#x1015;&#x102B;]&#x104A;</subfield>
    <subfield code="c">&#x1042;&#x1040;&#x1041;&#x1047;&#x104B;</subfield>
  </datafield>
  <datafield tag="300" ind1=" " ind2=" ">
    <subfield code="a">&#x1041;&#x1046;&#x1042; &#x1005;&#x102C;&#x1019;&#x103B;&#x1000;&#x103A;&#x1014;&#x103E;&#x102C; &#x104A;</subfield>
    <subfield code="c">&#x1042;&#x1041; &#x1005;&#x1004;&#x103A;&#x1010;&#x102E;&#x104B;</subfield>
  </datafield>
  <datafield tag="500" ind1=" " ind2=" ">
    <subfield code="a">&#x1018;&#x1012;&#x1039;&#x1012;&#x1014;&#x1039;&#x1010;&#x1001;&#x1031;&#x1019;&#x102C;&#x1005;&#x102C;&#x101B; &#x1021;&#x1002;&#x1039;&#x1002;&#x1019;&#x101F;&#x102C;&#x1015;&#x100F;&#x1039;&#x100D;&#x102D;&#x1010; &#x104F; &#x101E;&#x1000;&#x103A;&#x1010;&#x1031;&#x102C;&#x103A;(&#x1046;&#x1046;) &#x1014;&#x103E;&#x1005;&#x103A;&#x1015;&#x103C;&#x100A;&#x1037;&#x103A; &#x1021;&#x1019;&#x103E;&#x1010;&#x103A;&#x1010;&#x101B;&#x104B; DVD-Rom (1) &#x1001;&#x103B;&#x1015;&#x103A;&#x1015;&#x102B;&#x101D;&#x1004;&#x103A;&#x101E;&#x100A;&#x103A;&#x104B;</subfield>
  </datafield>
  <datafield tag="650" ind1=" " ind2=" ">
    <subfield code="a">&#x1021;&#x1018;&#x102D;&#x1013;&#x1019;&#x1039;&#x1019;&#x102C;&#x104B;</subfield>
  </datafield>
  <datafield tag="650" ind1=" " ind2=" ">
    <subfield code="a">&#x1021;&#x1018;&#x102D;&#x1013;&#x1019;&#x1039;&#x1019;&#x102C;</subfield>
    <subfield code="x">&#x1021;&#x1019;&#x1031;&#x1038;-&#x1021;&#x1016;&#x103C;&#x1031;&#x104B;</subfield>
  </datafield>
  <datafield tag="942" ind1=" " ind2=" ">
    <subfield code="2">ddc</subfield>
    <subfield code="c">SHORT TERM</subfield>
    <subfield code="n">0</subfield>
  </datafield>
  <datafield tag="952" ind1=" " ind2=" ">
    <subfield code="0">0</subfield>
    <subfield code="1">0</subfield>
    <subfield code="2">ddc</subfield>
    <subfield code="4">0</subfield>
    <subfield code="7">0</subfield>
    <subfield code="8">M</subfield>
    <subfield code="a">DHAM</subfield>
    <subfield code="b">DHAM</subfield>
    <subfield code="c">MMBS</subfield>
    <subfield code="d">2025-12-15</subfield>
    <subfield code="l">0</subfield>
    <subfield code="o">&#x1042;&#x1049;&#x1044;.&#x1043;&#x1048;&#x1042;&#x1044; &#x1015;&#x1009;&#x103A; &#x1046;&#x1045;&#x1041;&#x1049;</subfield>
    <subfield code="p">MB00006519</subfield>
    <subfield code="r">2025-12-15 15:37:43</subfield>
    <subfield code="w">2025-12-15</subfield>
    <subfield code="y">SHORT TERM</subfield>
    <subfield code="A">&#x1046;&#x1045;&#x1041;&#x1049;</subfield>
  </datafield>
  <datafield tag="999" ind1=" " ind2=" ">
    <subfield code="c">2718</subfield>
    <subfield code="d">2718</subfield>
  </datafield>
</record>
